| 000 | 00432nam a2200157Ia 4500 | ||
|---|---|---|---|
| 005 | 20250701015530.0 | ||
| 008 | 240331s9999 xx 000 0 und d | ||
| 020 | _a9555540233 | ||
| 082 |
_bJAY _a891 |
||
| 100 | _aJayathilake,K | ||
| 245 | 0 | _aVimarshana sahitha kawsilumina kaawyaya | |
| 260 |
_aColombo _bPradeepa Publishers _c1992 |
||
| 300 | _a278 p ., | ||
| 500 | _aThe Epic Poem Kavsilumini - with investigations | ||
| 942 | _cL | ||
| 999 |
_c4791 _d4791 |
||